Movies Quiz

Random Movies or Disney Quiz

Disney Character Movie Match Quiz Stats

 Plays Quiz Updated Jul 6, 2015

Challenge
Share
Tweet
Embed
Score 0/48 Timer 06:00
3 Plays Today
% Correct
Elsa
98.1%
Dopey
97.2%
Grumpy
96.7%
Olaf
96.2%
Sneezy
96.2%
Anna
96.1%
Happy
94.9%
The Queen of Hearts
94.8%
The Mad Hatter
94.7%
Bashful
94.5%
Cheshire Cat
94%
The White Rabbit
93.8%
Wendy
93.7%
Scar
93.2%
Tinker Bell
93.2%
Simba
93.1%
Doc
93%
Tweedle Dee
92.9%
Tweedle Dum
92.5%
Fairy Godmother
92.4%
Kristoff
91.7%
Jafar
91.6%
Jasmine
91%
Hades
89.6%
% Correct
Sven
88.9%
Hans
88.9%
Pumbaa
88.8%
Abu
88.5%
Genie
88.2%
Hermes
87.2%
Rafiki
86.5%
Drizella
85.4%
Nala
84.5%
Rajah
84%
Michael
83.9%
Philoctetes
82.9%
Smee
81.5%
John
81%
Gus
80.9%
Anastasia
76.5%
Iago
75.4%
Nana
72.4%
Pain
72.4%
Bruno
72.1%
Panic
71.6%
Sarabi
68.7%
Meg
67.6%
Lucifer
64.8%

You're not logged in!

Compare scores with friends on all Sporcle quizzes.
OR
Log In

You Might Also Like...

Show Comments

Extras

Top Quizzes Today


Score Distribution

Your Account Isn't Verified!

In order to create a playlist on Sporcle, you need to verify the email address you used during registration. Go to your Sporcle Settings to finish the process.

Report this User

Report this user for behavior that violates our Community Guidelines.

Details: